Art after modernism : (Record no. 325)

MARC details
000 -LEADER
campo de control de longitud fija 01031cam a2200277 a 4500
001 - NÚMERO DE CONTROL
campo de control 480326
005 - FECHA Y HORA DE LA ÚLTIMA TRANSACCIÓN
campo de control 20220326193303.0
008 - DATOS DE LONGITUD FIJA--INFORMACIÓN GENERAL
campo de control de longitud fija 841018s1984 nyua b 001 0 eng
010 ## - NÚMERO DE CONTROL DE LA BIBLIOTECA DEL CONGRESO
Número de control de LC 84022708
020 ## - NÚMERO INTERNACIONAL ESTÁNDAR DEL LIBRO
Número Internacional Estándar del Libro 0879235632
020 ## - NÚMERO INTERNACIONAL ESTÁNDAR DEL LIBRO
Número Internacional Estándar del Libro 0879235640 (pbk.)
040 ## - FUENTE DE CATALOGACIÓN
Centro catalogador/agencia de origen DLC
Centro/agencia transcriptor DLC
Centro/agencia modificador DLC
082 00 - NÚMERO DE LA CLASIFICACIÓN DECIMAL DEWEY
Número de clasificación 700.904
Número de ítem W214a
100 ## - ENTRADA PRINCIPAL--NOMBRE DE PERSONA
Nombre de persona Wallis, Brian; Tucker,Marcia
9 (RLIN) 1543
110 ## - ENTRADA PRINCIPAL--NOMBRE DE ENTIDAD CORPORATIVA
Nombre de entidad corporativa o nombre de jurisdicción como elemento de entrada The New Museum Of Contemporary Art
9 (RLIN) 1544
245 00 - MENCIÓN DEL TÍTULO
Título Art after modernism :
Resto del título rethinking representation /
Mención de responsabilidad, etc. edited and with an introduction by Brian Wallis ; foreword by Marcia Tucker.
260 ## - PUBLICACIÓN, DISTRIBUCIÓN, ETC.
Lugar de publicación, distribución, etc. New York :
Nombre del editor, distribuidor, etc. New Museum of Contemporary Art ;
Lugar de publicación, distribución, etc. Boston :
Nombre del editor, distribuidor, etc. D.R. Godine,
Fecha de publicación, distribución, etc. 1984.
300 ## - DESCRIPCIÓN FÍSICA
Extensión xviii, 461 p. :
Otras características físicas ill. ;
Dimensiones 25 cm.
440 #0 - MENCIÓN DE SERIE/PUNTO DE ACCESO ADICIONAL--TÍTULO
Título Documentary sources in contemporary art ;
Designación de volumen o secuencia [v. 1]
9 (RLIN) 1545
500 ## - NOTA GENERAL
Nota general Includes index.
504 ## - NOTA DE BIBLIOGRAFÍA, ETC.
Nota de bibliografía, etc. Bibliography: p. 435-445.
650 #0 - PUNTO DE ACCESO ADICIONAL DE MATERIA--TÉRMINO DE MATERIA
Término de materia o nombre geográfico como elemento de entrada Postmodernism.
9 (RLIN) 1309
650 #0 - PUNTO DE ACCESO ADICIONAL DE MATERIA--TÉRMINO DE MATERIA
Término de materia o nombre geográfico como elemento de entrada Arts, Modern
Subdivisión cronológica 20th century.
9 (RLIN) 1546
700 1# - ENTRADA AGREGADA--NOMBRE PERSONAL
Nombre de persona Wallis, Brian,
Fechas asociadas al nombre 1953-
9 (RLIN) 1547
906 ## - ELEMENTOS DE DATOS F LOCAL, LDF (RLIN)
a 7
b cbc
c orignew
d 1
e ocip
f 19
g y-gencatlg
Holdings
Estatus retirado Estado de pérdida Fuente del sistema de clasificación o colocación Estado de daño No para préstamo Biblioteca de origen Biblioteca actual Fecha de adquisición Número de inventario Total de préstamos Signatura topográfica completa Código de barras Visto por última vez Precio de reemplazo Tipo de ítem Koha
    Clasificación Decimal Dewey     Biblioteca LadoV Biblioteca LadoV 31/10/2014 000521   700.904 W214a 000521 31/10/2014 31/10/2014 Material 01